| 000 | 01139nam a2200277Ia 4500 | ||
|---|---|---|---|
| 003 | OSt | ||
| 005 | 20210107104956.0 | ||
| 008 | 191128t1992 sp ad fr 000 0 spa d | ||
| 020 | _a8476158106 | ||
| 040 |
_aCO-JMCR _cCO-JMCR |
||
| 041 | 0 | _aspa | |
| 082 | 0 | 4 |
_a330 / _bW872e1 _223 |
| 100 | 1 |
_aWonnacott, Paul, _eautor _94826 |
|
| 245 | 0 |
_aEconomía / _cPaul Wonnacott, Ronal Wonnacott ; traducción Francesc Sole i Parellada, Pedro L. Romera Diez y Olga Pons i Peregort |
|
| 250 | _aCuarta edición | ||
| 260 |
_aMadrid : _bMcGraw-Hill, _c©1992 |
||
| 300 |
_axxxvi, 995 páginas : _bgráficos a color ; _c24 cm. |
||
| 505 | 0 | _aConceptos económicos básicos -- Introducción a la macroeconomía -- Las políticas de demanda agregada -- Las grandes cuestiones macroeconómicas -- Los grandes problemas macroeconómicos | |
| 650 | 1 | 4 |
_aEconomía _94827 |
| 650 | 1 | 4 |
_aTeoría económica _94828 |
| 700 | 1 |
_aWonnacott, Ronal, _eautor _94829 |
|
| 700 | 1 |
_aRomera Diez, Pedro L., _etraductor _94830 |
|
| 700 | 1 |
_aSole i Parellada, Francesc, _etraductora _94831 |
|
| 700 | 1 |
_aPons i Peregort, Olga, _etraductora _94832 |
|
| 942 |
_2ddc _cBK |
||
| 999 |
_c5313 _d5313 |
||